Statistics for Faster Typing 1 to 100

Click here to take the quiz!

General Stats

  • This quiz has been taken 74 times
  • The average score is 46 of 100

Answer Stats

#% Correct
1
100%
2
96%
3
96%
5
91%
6
91%
7
91%
8
91%
9
91%
10
87%
11
87%
12
87%
13
87%
4
87%
14
84%
15
84%
16
84%
17
84%
18
84%
19
84%
20
84%
21
84%
22
84%
23
78%
24
78%
25
78%
26
78%
27
78%
28
78%
29
76%
30
69%
33
69%
31
67%
32
64%
34
60%
44
58%
35
53%
36
53%
40
53%
41
53%
37
51%
43
51%
38
49%
42
49%
39
47%
45
47%
46
44%
47
44%
49
44%
50
44%
51
44%
55
44%
48
42%
54
38%
52
36%
53
36%
56
36%
59
36%
60
36%
66
36%
57
33%
58
33%
61
33%
62
31%
63
31%
64
27%
65
27%
67
24%
70
24%
77
24%
69
22%
68
20%
88
20%
71
18%
74
18%
80
18%
90
18%
99
18%
72
16%
73
16%
75
16%
76
16%
81
16%
92
16%
78
13%
79
13%
82
11%
83
11%
84
11%
85
11%
86
11%
87
11%
91
11%
93
11%
89
9%
94
9%
100
7%
95
7%
96
7%
97
7%
98
7%

Score Distribution

Percentile by Number Answered

Percent of People with Each Score

Your Score History

You have not taken this quiz